Electrophysiological studies of sugar transport mechanisms through plasmalemma of latex vessels of Hevea brasiliensis (Record no. 58542)

MARC details
000 -LEADER
fixed length control field 00571nam a2200181Ia 4500
100 ## - MAIN ENTRY--AUTHOR NAME
Personal name Lacrotte R
245 #0 - TITLE STATEMENT
Title Electrophysiological studies of sugar transport mechanisms through plasmalemma of latex vessels of Hevea brasiliensis
260 ## - PUBLICATION, DISTRIBUTION, ETC. (IMPRINT)
Name of publisher Hevea 88: IRRDB, 2 August to 7 November 1988, Paris. pp.535-545.
650 ## - SUBJECT ADDED ENTRY--TOPICAL TERM
Topical Term Latex vessels
650 ## - SUBJECT ADDED ENTRY--TOPICAL TERM
Topical Term Sugar transport mechanism
700 ## - ADDED ENTRY--PERSONAL NAME
Personal name Chrestin H
700 ## - ADDED ENTRY--PERSONAL NAME
Personal name Cornel D
700 ## - ADDED ENTRY--PERSONAL NAME
Personal name dAuzac J
700 ## - ADDED ENTRY--PERSONAL NAME
Personal name Monestiez M
700 ## - ADDED ENTRY--PERSONAL NAME
Personal name Rona J P
942 ## - ADDED ENTRY ELEMENTS (KOHA)
Koha item type Journals
Holdings
Withdrawn status Lost status Damaged status Not for loan Home library Current library Shelving location Date acquired Koha item type
      Journals RRII Library RRII Library Plant physiology 01/01/2021 Journals